000 00410cam a22001337a 4500
008 180718b1979 xxu||||| |||| 00| 0 eng d
082 _aI5 P537
100 _aPhilip, J.
245 _aManagement: the simple way
_cby J. Philip and T.S. Srinivasan
260 _aRanchi
_bManagement Traininig Institute for Steel Authority of India
_c1979
300 _a103p.
650 _aManagement
700 _aSrinicvasan, T.S.
999 _c477289
_d477289